Para ler Platao
Salvato in:
| Autore principale: | |
|---|---|
| Natura: | Libro |
| Lingua: | portoghese |
| Pubblicazione: |
Sao Paulo
Edicoes Loyola
2008
|
| Soggetti: | |
| Tags: |
Aggiungi Tag
Nessun Tag, puoi essere il primo ad aggiungerne!!
|
MARC
| LEADER | 00000cam a2200000 a 4500 | ||
|---|---|---|---|
| 001 | UCF2860 | ||
| 003 | CL-VaPUC | ||
| 008 | 120910e20080000BL |||||||||||||||||por|d | ||
| 020 | |a 9788515035342t.1 | ||
| 020 | |a 9788515035915t.2 | ||
| 020 | |a 9788515036929t.3 | ||
| 082 | 0 | 4 | |a 184 |b SAN |2 21 |
| 100 | 0 | |a Santos, José Trindade |e author |9 564694 | |
| 245 | 1 | 0 | |a Para ler Platao |
| 300 | |a t | ||
| 942 | |c BK | ||
| 945 | |d 20120910 00:00:00 |a dcastane | ||
| 260 | |a Sao Paulo |b Edicoes Loyola |c 2008 | ||
| 500 | |a t.1: A ontoepistemologia dos diálogos socráticos | ||
| 500 | |a t.2. o problema do saber nos diálogos sobre a teoria das formas | ||
| 500 | |a t.3: alma, cidade, cosmo | ||
| 650 | 0 | |a Filosofía antigua |9 255705 | |
| 650 | 0 | |a Filosofía griega |9 265579 | |
| 650 | 0 | |a Platonismo |9 265673 | |
| 650 | 0 | |a Crítica e interpretación |9 255042 | |
| 583 | |a last modification |c 20120910 11:39:00 |k Rodrigo Vera | ||
| 999 | |c 349398 |d 349396 | ||
| 952 | |0 0 |1 0 |4 0 |6 184_000000000000000_SAN_2008 |7 0 |8 A |9 452007 |a BIBEDU |b BIBEDU |d 2019-11-22 |h t.1 |i 490253K |o 184 SAN 2008 |p 490253K |r 2019-11-22 |w 2019-11-22 |y BK |k FIL | ||
| 952 | |0 0 |1 0 |4 0 |6 184_000000000000000_SAN_2008 |7 0 |8 A |9 452008 |a BIBEDU |b BIBEDU |d 2019-11-22 |h t.2 |i 4902548 |o 184 SAN 2008 |p 4902548 |r 2019-11-22 |w 2019-11-22 |y BK |k FIL | ||
| 952 | |0 0 |1 0 |4 0 |6 184_000000000000000_SAN_2008 |7 0 |8 A |9 452009 |a BIBEDU |b BIBEDU |d 2019-11-22 |h t.3 |i 4902556 |o 184 SAN 2008 |p 4902556 |r 2019-11-22 |w 2019-11-22 |y BK |k FIL | ||